L'opera al nero : romanzo /
Guardat en:
| Autor principal: | |
|---|---|
| Altres autors: | |
| Format: | Llibre |
| Idioma: | italià |
| Publicat: |
Milano :
Feltrinelli,
1985
|
| Edició: | 4. ed |
| Col·lecció: | Narratori
|
| Etiquetes: |
Sense etiquetes, Sigues el primer a etiquetar aquest registre!
|
MARC
| LEADER | 00000nam a22000007i 4500 | ||
|---|---|---|---|
| 001 | IT\ICCU\RML\0108561 | ||
| 003 | ItRI | ||
| 005 | 20250913125208.0 | ||
| 008 | 021015s1985 it |||||| ||||| |||||c | ||
| 020 | |a 8807013029 | ||
| 040 | |b ita |c ct | ||
| 041 | 7 | |a ita |2 ISO-639-2 | |
| 100 | 1 | |a Yourcenar, Marguerite |0 IT\ICCU\CFIV\000432 |4 aut | |
| 240 | 1 | 2 | |a L'œuvre au noir |9 Yourcenar, Marguerite |
| 245 | 1 | 2 | |a L'opera al nero : |b romanzo / |c Marguerite Yourcenar. |
| 250 | |a 4. ed | ||
| 260 | |a Milano : |b Feltrinelli, |c 1985 | ||
| 300 | |a 301 p. ; |c 23 cm | ||
| 500 | |a Trad. di Marcello Mongardo. | ||
| 700 | 1 | |a Mongardo, Marcello |0 IT\ICCU\LIAV\098921 |4 trl | |
| 830 | 0 | |a Narratori |0 IT\ICCU\CFI\0062300 | |
| 942 | |2 ddc |c BK | ||
| 952 | |0 0 |1 0 |2 ddc |4 0 |6 LNR_02YOUMAOPE11 |7 0 |9 4341 |a MI |b MI |d 2010-04-20 |i 1 |l 0 |o LNR02-YOUMA-OPE11 |p CDOM1 |r 2025-06-24 17:36:29 |w 2025-06-24 |x Dono |y BK | ||
| 999 | |c 3341 |d 3341 | ||